Slovník bankovních a finančních služeb. 1. díl A-D

Saved in:
Bibliographic Details
Main Author: Rosenberg, Jerry M.
Other Authors: Rockefeller, David, 1915-2017 (Author of introduction, etc.), Elman, Jiří (Translator), Koudelka, Václav (Translator)
Format: Book
Language:Czech
English
Published: Praha Victoria Publishing 1992
Subjects:
Online Access:View in OPAC
Tags: Add Tag
No Tags, Be the first to tag this record!

MARC

LEADER 00000nam a2200000 a 4500
005 20260127134024.0
008 050808s1992 cs 000 0 cze
020 |a 8085605015 
035 |a vtls008194801 
035 |a SVKPOKN006280 
039 9 |a 201801111217  |b AUTHORITY  |c 200809221400  |d mschk03  |c 200508091812  |d VLOAD  |y 200508082014  |z VLOAD 
040 |a SVKPOKN  |b slo  |c SVKPOKN  |d SVKPO  |d STUSCHK1  |e AACR2 
041 0 |a cze  |h eng 
044 |a cs  |c CS 
080 |a 336.71(03) 
100 1 |a Rosenberg, Jerry M. 
245 1 0 |a Slovník bankovních a finančních služeb. 1. díl A-D  |c Jerry M. Rosenberg; David Rockefeller, Jiří Elman, Václav Koudelka 
260 |a Praha  |b Victoria Publishing  |c 1992  |e Praha  |f Imprima 
300 |a 218 str. 
653 |a Bankovníctvo-slovníky terminologické 
653 |a Služby finančné-slovníky terminologické 
653 |a Tlač  |a Odborný preklad 
655 7 |a slovníky  |2 svkpo 
700 1 |a Rockefeller, David,  |d 1915-2017  |4 aui  |9 43 
700 1 |a Elman, Jiří  |4 trl 
700 1 |a Koudelka, Václav  |4 trl 
910 |a svkponkat 
910 |a SCHK95 
919 |a 80-85605-01-5 
999 |c 2264  |d 2264